Miraculous de A à Z - Statistiques

Statistiques générales
  • Ce quiz a été pris 2 289 fois
  • Le résultat moyen est 13 sur 26
Statistiques - réponses
Lettre Indices Réponses % Correct
A Papillon permettant de créer des super-vilains Akuma
94%
P Ville où se déroule la majorité de l'histoire Paris
80%
F Cousin de Adrien Félix Fathom
76%
C Pouvoir accordé par Plagg au porteur du Miraculous du Chat Noir Cataclysme
74%
Q Identité héroïque de Chloé Bourgeois Queen Bee
72%
H Animal dont Denis Damoclès prends l'apparence quand il se prend pour un super-héros Hibou
71%
L Frère de Juleka Luka Couffaine
71%
Y Arme de Ladybug Yoyo
70%
B Habitation de la famille Couffaine Bateau
67%
E Pays où se trouvait Zoé Lee avant de rejoindre sa mère États-Unis
67%
I Concept dont Trixx est le Kwami Illusion
60%
N Identité secrète de Mayura Nathalie Sancoeur
58%
R Ce qu'est Markov Robot
57%
T Miraculous auquel est lié Wayzz Tortue
56%
D Akumatisation du majordome de Chloé Bourgeois Doudou Vilain
41%
S Créature résultant d'une Amokization Sentimonstre
41%
V Akumatisation de Lila Rossi lors de sa première apparition Volpina
40%
K Kwami lié au Miraculous du Cheval Kaalki
36%
O Nageuse amoureuse de Kim Ondine
33%
M Apparence du Miraculous du Lapin Montre de poche
32%
Z Première Akumatisation de Caline Bustier Zombizou
30%
W C'est lui qui a donné leur Miraculous à Marinette et Adrien Wang Fu
29%
G Fusion de Tikki et Plagg Gimmi
25%
X Kwami de la Dérision Xuppu
17%
J Frère de Alix Kubdel Jalil Kubdel
16%
U Alter-ego héroïque de Alya dans l'Univers 2 Ubiquity
7%
Aucun quiz correspondant
Distribution des résultats
% des personnes avec chaque résultat
Percentile par nombre de réponses
Votre historique - résultats
Vous n’avez pas pris ce quiz